International migration in Europe data, models and estimates
Salvato in:
| Altri autori: | , |
|---|---|
| Natura: | Libro |
| Lingua: | inglese |
| Pubblicazione: |
Chichester
John Wiley & Sons, Ltd
2008
|
| Soggetti: | |
| Tags: |
Nessun Tag, puoi essere il primo ad aggiungerne!!
|
MARC
| LEADER | 00000nam$a2200000$$$4500 | ||
|---|---|---|---|
| 001 | 0105104 | ||
| 005 | 20240315121735.3 | ||
| 020 | |a 978-0-470-03233-6 | ||
| 041 | 0 | |a eng | |
| 044 | |a GB | ||
| 245 | 1 | 0 | |a International migration in Europe |b data, models and estimates |c edited by: James Raymer and Frans Willekens |
| 264 | 1 | |a Chichester |b John Wiley & Sons, Ltd |c 2008 | |
| 300 | |a 385 s. | ||
| 610 | 2 | 0 | |a pohyb obyvateľstva |
| 610 | 2 | 0 | |a migrácia |
| 610 | 2 | 0 | |a imigrácia |
| 610 | 2 | 0 | |a evidencia |
| 610 | 2 | 0 | |a metódy štatistické |
| 610 | 2 | 0 | |a modely matematické |
| 610 | 2 | 0 | |a teória rozhodovania |
| 610 | 2 | 0 | |a prognózy |
| 610 | 2 | 0 | |a odhady |
| 610 | 2 | 0 | |a Európa |
| 610 | 2 | 0 | |a Európska únia |
| 610 | 2 | 0 | |a OECD |
| 700 | 1 | |a Raymer, James | |
| 700 | 1 | |a Willekens, Frans | |